LEADER 00876cam0 2200301 450 001 000000036 005 20090304111001.0 010 $a88-15-03676-8 100 $a19991207d1992----km-y0itay50------ba 101 0 $aita 102 $aIT 105 $ay-------001yy 200 1 $aEconomia dei sistemi finanziari$fMarco Onado 210 $aBologna$cIl Mulino$dc1992 215 $a392 p.$d25 cm 225 2 $aStrumenti$iEconomia 410 0$12001$aStrumenti 500 10$aEconomia dei sistemi finanziari$952090 610 1 $aSistemi finanziari 610 1 $aFinanza 676 $a332$v11$9Economia finanziaria 700 1$aOnado,$bMarco$0437406 801 0$aIT$bUNIPARTHENOPE$gRICA$2UNIMARC 912 $a000000036 951 $a332-E/8$b31489$cNAVA1$d19991029 951 $a311/168$b125-L-V$cNAVA2 996 $aEconomia dei sistemi finanziari$952090 997 $aUNIPARTHENOPE